000
00504nam a2200145Ia 4500
008
100204s9999 xx 000 0 und d
082
_b
17701
100
_a
कुलकर्णी अनुराधा
245
_a
निबंध रत्नाकर
260
_b
"दिपाली प्रकाशन , कल्याण , ठाणे"
_c
1993
300
_a
92
630
_a
निबंध रत्नाकर
730
_a
निबंध रत्नाकर
942
_c
BOOK
999
_c
462124
_d
462121